000
00211nam a22000857a 4500
008
170201b xxu||||| |||| 00| 0 eng d
100
_9
2725
_a
Vavghn.S.
245
_a
Science Projects-5-6
260
_a
U.S.A.
_b
Steek
_c
2003
999
_c
5892
_d
5892